| 000 | 00585cam a22002291 4500 | ||
|---|---|---|---|
| 001 | ne 68000550 | ||
| 003 | DLC | ||
| 005 | 20260227111838.0 | ||
| 008 | 890401s1967 xx acf 000 0 ara | ||
| 010 | _ane 68000550 | ||
| 035 | _a(OCoLC)23514118 | ||
| 040 |
_aDLC _cMiU _dDLC |
||
| 042 | _apremarc | ||
| 043 | _aa-iq--- | ||
| 050 | 0 | 0 |
_aDS79.9.K3 _bT79 1967 |
| 100 | 1 |
_aKalīdār, ʻAbd al-Jawād, _d1890-1959. |
|
| 245 | 1 | 0 | _aTārīkh Karbalāʼ. |
| 260 | _c1967. | ||
| 300 |
_a303 p. _b1 illus., plates, port. _c25 cm. |
||
| 500 | _aRomanized. | ||
| 651 | 0 | _aKarbalāʼ (Iraq) | |
| 999 |
_c50080 _d50080 |
||